000 01870nam a2200349 a 4500
001 000024754
005 20240412074251.0
008 110203t2010 dr acf r 001 p spa d
020 _a9789945406603
040 _aDO-SdBNP
_bspa
_cBNPHU
082 _aRD861.44
_bM671a, 2010
100 1 _aMir, Pedro,
_d1913-2000
_97245
245 1 0 _aAmén de mariposas /
_cPedro Mir; presentación Julio César Valentín Jiminián ; coordinación editorial Abil Peralta Agüero.
260 _aSanto Domingo :
_bCámara de Diputados de la República Dominicana,
_c2010.
_fAlfa y Omega,
300 _a146 p. :
_bil., retrs. ;
_c23 cm.
500 _aIlustrado con imágenes de pinturas correspondientes al proyecto "La ruta de los murales", pintados en espacios públicos de la provincia Salcedo.
500 _aIncluye datos biográficos del autor en la solapa de la cubierta.
505 0 _aPresentación /
_rJulio César Valentín Jiminián --
_tVeinticinco visiones de un día llamado noviembre /
_rMinou Tavárez Mirabal --
_tPedro Mir /
_rVerónica Sención --
_tAmén de las mariposas /
_rDon Pedro Mir --
_gDiputados de la República Dominicana.
590 _aInventariado, 2018/BT
600 1 4 _aMIRABAL, MARÍA TERESA,
_d1935-1960
_vPOESÍAS
_943903
600 1 4 _aMIRABAL, MINERVA,
_d1926-1960
_vPOESÍAS
_943904
600 1 4 _aMIRABAL, PATRIA MERCEDES,
_d1924-1960
_vPOESÍAS
_943905
650 4 _aPoesía histórica dominicana
_923574
650 0 _aPoesía dominicana
_966
650 0 _aLiteratura dominicana.
_967
650 4 _aHistoria en la literatura
_91300
650 4 _aPintura dominicana
_ySIGLO XX
_xObras ilustradas
_943906
651 4 _aRepública Dominicana
_xHistoria
_yERA DE TRUJILLO, 1930-1961
_xPoesías
_943907
700 1 _aValentín Jiminían, Julio César,
_d1966-
_915248
700 1 _aPeralta Agüero, Abil,
_eed.
_926618
910 _aValidado. Control de calidad. EMS
999 _c24247
_d24247